000 00335nam a2200145Ia 4500
008 191201s2012 xx 000 0 und d
082 _a671.5
_bSHM
100 _aSHAW, Milton C
245 0 _aMetal Cutting Principles
250 _aRep
260 _aN. Delhi
_bOxford
_c2012
300 _a651
650 _aB.Tech(ME)
942 _2ddc
_cBK
999 _c5439
_d5439